000 00461nam a2200169Ia 4500
003 GCL
008 140319s9999 xx 000 0 ara d
040 _aGCL /
_cGCL
082 0 4 _a658.83
_bم ت
100 1 _aمصطفى زهير
245 1 0 _aالتسويق وادارة المبيعات /
_cمصطفى زهير
490 _aكتاب
_v0
650 0 4 _aالادارة
650 0 4 _aالتسويق
650 0 4 _aادارة المبيعات
942 _2ddc
_cBK
999 _c41252
_d41252